Statistics for Canada Map Quiz

Click here to take the quiz!

General Stats

  • This quiz has been taken 319,436 times
  • The average score is 9 of 13

Answers on the Map

Answers color-coded by a green-red scale on the quiz's map according to % correct below.
Loading ...
 

Answer Stats

Answer% Correct
Quebec
85%
British Columbia
84%
Ontario
82%
Prince Edward Island
79%
Northwest Territories
73%
Alberta
72%
Manitoba
71%
Newfoundland and
Labrador
68%
Nunavut
66%
Saskatchewan
64%
Yukon
59%
Nova Scotia
57%
New Brunswick
56%

Score Distribution

Percentile by Number Answered

Percent of People with Each Score

Your Score History

You have not taken this quiz